| 000 | 00920cam a22002893a 4500 | ||
|---|---|---|---|
| 001 | 831 | ||
| 003 | PGUSA | ||
| 005 | 20140828082953.0 | ||
| 008 | 970201s1997||||xxu|||||s|||||000 | eng d | ||
| 040 |
_aPGUSA _beng |
||
| 042 | _adc | ||
| 050 | 4 | _aPQ | |
| 100 | 1 | _aChrétien, de Troyes, active 12th century | |
| 245 | 1 | 0 |
_aFour Arthurian Romances _h[electronic resource] / _cde Troyes, active 12th century Chrétien |
| 260 |
_bProject Gutenberg, _c1997 |
||
| 505 | 0 | _aErec et Enide -- Cliges -- Yvain -- Lancelot | |
| 506 | _aPublic domain in the USA. | ||
| 516 | _aElectronic text | ||
| 653 | _aArthurian romances | ||
| 653 | _aChrétien, de Troyes, active 12th century | ||
| 653 | _aTales, Medieval | ||
| 653 | _aRomances -- Translations into English | ||
| 700 | 1 |
_aComfort, William Wistar, _d1874-1955 |
|
| 830 | 0 |
_aProject Gutenberg _v831 |
|
| 856 | 4 | 0 | _uhttp://www.gutenberg.org/ebooks/831 |
| 942 | _cEB | ||
| 999 |
_c230182 _d230182 |
||